Normal view
MARC view
Entry Topical Term
001 - CONTROL NUMBER
- control field: 55070
003 - CONTROL NUMBER IDENTIFIER
- control field: OSt
005 - DATE AND TIME OF LATEST TRANSACTION
- control field: 20241026103347.0
008 - FIXED-LENGTH DATA ELEMENTS
- fixed length control field: 241026|| aca||aabn | a|a d
040 ## - CATALOGING SOURCE
- Original cataloging agency: OSt
- Transcribing agency: OSt
150 ## - HEADING--TOPICAL TERM
- Topical term or geographic name entry element: အလောင်းတော်ကဿပ
- General subdivision: သမိုင်း
670 ## - SOURCE DATA FOUND
- Source citation: Work cat.: (OSt)40968: ဥတ္တရ၊ ဦး 17263, ရှင်မဟာကဿပထေရ်ဂုဏ်ဆီ ခေါ် အလောင်းတော်ကဿပ သမိုင်းအကျဉ်းချုပ်ကျမ်း /, [ခုနှစ်မပါ]။